|
|
|
|
| LEADER |
00000nam0a2200000 4500 |
| 001 |
263415 |
| 005 |
20231101233733.0 |
| 035 |
|
|
|a (RuTPU)RU\TPU\book\286400
|
| 090 |
|
|
|a 263415
|
| 100 |
|
|
|a 20140609d1972 k y0rusy50 ca
|
| 101 |
0 |
|
|a rus
|
| 102 |
|
|
|a RU
|
| 105 |
|
|
|a a z 001zy
|
| 200 |
1 |
|
|a Расчет механических элементов радиотехнических устройств
|f А. И. Соловьев
|
| 210 |
|
|
|a Москва
|c Советское радио
|d 1972
|
| 215 |
|
|
|a 200 с.
|c ил.
|
| 320 |
|
|
|a Библиогр.: с. 199-200.
|
| 606 |
1 |
|
|a Радиоэлектронная аппаратура
|x Расчет
|2 stltpush
|3 (RuTPU)RU\TPU\subj\23472
|9 48064
|
| 610 |
1 |
|
|a радиотехнические устройства
|
| 610 |
1 |
|
|a механические элементы
|
| 610 |
1 |
|
|a антенны
|
| 610 |
1 |
|
|a силовые устройства
|
| 610 |
1 |
|
|a прочность
|
| 610 |
1 |
|
|a электрические контакты
|
| 675 |
|
|
|a 621.396.6.001.2
|v 3
|
| 700 |
|
1 |
|a Соловьев
|b А. И.
|g Александр Иванович
|
| 801 |
|
1 |
|a RU
|b 63413507
|c 20140609
|
| 801 |
|
2 |
|a RU
|b 63413507
|c 20210129
|g RCR
|
| 942 |
|
|
|c BK
|